| 000 | 00828nam a2200217Ii 4500 | ||
|---|---|---|---|
| 003 | JO-AjNU | ||
| 008 | 230605s9999||||xx |||||||||||||| ||und|| | ||
| 017 | _a2021/10/5906 | ||
| 040 |
_aJO-AjNU _bara _erda _cJO-AjNU |
||
| 041 | _aara | ||
| 050 | 1 | 4 | _aRJ506 2022 |
| 100 | 3 |
_aتاليف عميرة، ميرفت يوسف, _eauthor _963881 |
|
| 245 | 0 | 0 | _aتحليل السلوك التطبيقي مع ذوي اضطراب طيف التوحد: ( دليل ارشادي وعملي) |
| 250 | _aط1 | ||
| 264 | 3 | 1 | _aعمان: دار زاد ناشرون وموزعون، 2022 |
| 300 | _a221ص | ||
| 336 |
_atext _btxt _2rdacontent |
||
| 337 |
_aunmediated _bn _2rdamedia |
||
| 338 |
_avolume _bnc _2rdacarrier |
||
| 650 | 4 |
_aالتوحد-السلوك-الاضطرابات النمائية-امراض الجهاز العصبي _963882 |
|
| 999 |
_aA28999 _c32567 _d32567 |
||